000 00657nam a2200277Ia 4500
005 20260121125516.0
008 008 260114s9999 xx 000 0 eng d
020 _a9782760535138
037 _aEBOOK
040 _aCRL
040 _beng
040 _cCRL
041 _2eng
041 _aeng
084 _qCRL
100 _aWindover, Michael
_9994149
245 0 _aArt Deco
260 _bWalter de Gruyter
260 _bWalter de Gruyter
260 _c2012
650 _aGermanic and Romanic Studies
_9994150
856 _uhttp://www.degruyter.com/isbn/9782760535138
942 _cEBOOK
999 _c1562526
_d1562526